| 000 | 00931nam a22002177a 4500 | ||
|---|---|---|---|
| 999 |
_c21391 _d21391 |
||
| 003 | AR-CdUCM | ||
| 008 | 190524b ||||| |||| 00| 0 eng d | ||
| 020 | _a9788490353080 | ||
| 040 |
_aMUNICIPALIDAD PROVINCIAL DEL CUSCO _cBIBLIOTECA MUNICIPAL DEL CUSCO |
||
| 082 |
_a658.8/A45 _bA45 |
||
| 100 |
_aAlonso Coto, Manuel _944613 |
||
| 245 |
_aEl plan social media marketing : _bme gusta compartir para vender / |
||
| 260 |
_aMadrid ; _bPearson, _c2014. |
||
| 300 |
_a214 Páginas. : _c17x24 cm. |
||
| 505 | _aContenido: El social media marketing digital -- Hay vida más alla de Facebook -- Medios sociales verticales geográficos, temáticos y sociodemográficos -- El éxito del social media marketing a través de 12 ejemplos -- Medios sociales para el branding ... | ||
| 650 |
_aAdministración _944605 |
||
| 650 |
_aMarketing _912422 |
||
| 700 |
_aMartín Borowiecka, Sofía _944614 |
||
| 942 |
_2ddc _cLIBROS |
||
| 945 | _aRoel | ||